000
00277nam a2200121Ia 4500
008
241002s9999 xx 000 0 und d
082
_a
808.4 RUS
100
_a
Russell, Bertrand
245
0
_a
Political Ideals
260
_a
London:
_c
1963
600
_a
Literature
942
_c
UC
999
_c
18645
_d
18645